000 00315nam a2200121Ia 4500
008 231129s1977||||xx |||||||||||||| ||spa||
082 _aOEM- 1709
100 _aílvarez Gardeazábal Gustavo
245 0 _aEl bazar de los idiotas
260 _c1977
264 _aBogotá: Plaza y Janés 1977
942 _2ddc
_cBKS
999 _c10357
_d10357